<?xml version="1.0" encoding="UTF-8"?>
<record
    xmlns:xsi="http://www.w3.org/2001/XMLSchema-instance"
    xsi:schemaLocation="http://www.loc.gov/MARC21/slim http://www.loc.gov/standards/marcxml/schema/MARC21slim.xsd"
    xmlns="http://www.loc.gov/MARC21/slim">

  <leader>00725nam a22001337a 4500</leader>
  <datafield tag="040" ind1=" " ind2=" ">
    <subfield code="c">RUA</subfield>
  </datafield>
  <datafield tag="082" ind1=" " ind2=" ">
    <subfield code="a">LMA HEN 2024 B1-398 Or.1</subfield>
  </datafield>
  <datafield tag="100" ind1=" " ind2=" ">
    <subfield code="a">HENG TONG  &#x17A0;&#x17C1;&#x1784; &#x178F;&#x17BB;&#x1784;</subfield>
  </datafield>
  <datafield tag="245" ind1=" " ind2=" ">
    <subfield code="a">CREATING SYMBOLS AND STYLES IN GROGRAPHIC INFORMATION SYSTEM (GIS) USING ArcGIS Pro    &#x1780;&#x17B6;&#x179A;&#x1794;&#x1784;&#x17D2;&#x1780;&#x17BE;&#x178F;&#x1793;&#x17B7;&#x1798;&#x17B7;&#x178F;&#x17D2;&#x178F;&#x179F;&#x1789;&#x17D2;&#x1789;&#x17B6; (Symbols) &#x1793;&#x17B7;&#x1784; Styles &#x1793;&#x17C5;&#x1780;&#x17D2;&#x1793;&#x17BB;&#x1784;&#x1794;&#x17D2;&#x179A;&#x1796;&#x17D0;&#x1793;&#x17D2;&#x1792;&#x1796;&#x17D0;&#x178F;&#x17CC;&#x1798;&#x17B6;&#x1793;&#x1797;&#x17BC;&#x1798;&#x17B7;&#x179F;&#x17B6;&#x179F;&#x17D2;&#x178F;&#x17D2;&#x179A; (GIS) &#x178A;&#x17C4;&#x1799;&#x1794;&#x17D2;&#x179A;&#x17BE;&#x1794;&#x17D2;&#x179A;&#x17B6;&#x179F;&#x17CB;&#x1780;&#x1798;&#x17D2;&#x1798;&#x179C;&#x17B7;&#x1792;&#x17B8; ArcGIS Pro</subfield>
  </datafield>
  <datafield tag="260" ind1=" " ind2=" ">
    <subfield code="a">RUA </subfield>
    <subfield code="b">PHNOM PENH</subfield>
    <subfield code="c">2024</subfield>
  </datafield>
  <datafield tag="300" ind1=" " ind2=" ">
    <subfield code="a">x</subfield>
    <subfield code="b">ill</subfield>
    <subfield code="c">29cm</subfield>
  </datafield>
  <datafield tag="856" ind1=" " ind2=" ">
    <subfield code="u">https://drive.google.com/file/d/1Ri_ON2tizKVRqOScpu46luhubzCER_qO/view?usp=sharing</subfield>
  </datafield>
  <datafield tag="942" ind1=" " ind2=" ">
    <subfield code="c">LMA</subfield>
  </datafield>
  <datafield tag="999" ind1=" " ind2=" ">
    <subfield code="c">24931</subfield>
    <subfield code="d">24931</subfield>
  </datafield>
  <datafield tag="952" ind1=" " ind2=" ">
    <subfield code="0">0</subfield>
    <subfield code="1">0</subfield>
    <subfield code="4">0</subfield>
    <subfield code="6">LMA_HEN_2024_000000000000000_B1398_OR_1</subfield>
    <subfield code="7">0</subfield>
    <subfield code="9">104715</subfield>
    <subfield code="a">LBB</subfield>
    <subfield code="b">LBB</subfield>
    <subfield code="c">B1.398</subfield>
    <subfield code="d">2025-05-13</subfield>
    <subfield code="o">LMA HEN 2024 B1-398 Or.1</subfield>
    <subfield code="p">A084044</subfield>
    <subfield code="r">2025-05-13</subfield>
    <subfield code="y">LMA</subfield>
  </datafield>
  <datafield tag="952" ind1=" " ind2=" ">
    <subfield code="0">0</subfield>
    <subfield code="1">0</subfield>
    <subfield code="4">0</subfield>
    <subfield code="6">LMA_HEN_2024_000000000000000_B1398_OR_2</subfield>
    <subfield code="7">0</subfield>
    <subfield code="9">104716</subfield>
    <subfield code="a">LBB</subfield>
    <subfield code="b">LBB</subfield>
    <subfield code="c">B1.398</subfield>
    <subfield code="d">2025-05-13</subfield>
    <subfield code="o">LMA HEN 2024 B1-398 Or.2</subfield>
    <subfield code="p">A084054</subfield>
    <subfield code="r">2025-05-13</subfield>
    <subfield code="y">LMA</subfield>
  </datafield>
</record>
